000 00627nam a2200193Ia 4500
008 151119s9999||||xx |||||||||||||| ||und||
082 _a923.654
082 _bGKKV24192
100 _a"हुरजूक, नसीमा"
245 _aचाकाची खुर्ची
260 _aपुणे
260 _bमेहता पब्लीशिग हाउस
260 _c2001
600 _a"हुरजूक, नसीमा"
630 _aचाकाची खुर्ची
700 _a"हुरजूक, नसीमा"
730 _aचाकाची खुर्ची
942 _cBOOK
999 _c1076790
_d1076787